Θέογνις

Αποθηκεύτηκε σε:
Λεπτομέρειες βιβλιογραφικής εγγραφής
Κύριος συγγραφέας: Θέογνις, 6ος αι. π.Χ
Άλλοι συγγραφείς: Ρώμας, Χρίστος Γ. (Συγγραφέας εισαγωγής κ.λπ., Μεταφραστής), Δρακόπουλος, Δημήτρης (Επιμελητής έκδοσης)
Μορφή: Βιβλίο
Γλώσσα:Greek
Δημοσίευση: [Αθήνα] : Επικαιρότητα, [1997].
Σειρά:Αρχαία λυρική ποίηση (Επικαιρότητα) ; 3
Θέματα:
Ετικέτες: Προσθήκη ετικέτας
Δεν υπάρχουν, Καταχωρήστε ετικέτα πρώτοι!

MARC

LEADER 00000cam a2200000 i 4500
001 1/27741
008 060405s1997 gr | ||| |||| ||gre||
020 |a 9602053887 
035 |l 10083475 
040 |a GR-MY-UA  |b gre  |e aacr 
041 0 |a gre 
082 7 |a 884.01   |2 (22) 
100 0 |a Θέογνις,   |d 6ος αι. π.Χ. 
245 1 0 |a Θέογνις /   |c [Θέογνις] ; εισαγωγή, μετάφραση, σχόλια: Χρίστος Γ. Ρώμας ; επιμέλεια: Δημήτρης Δρακόπουλος.  
260 |a [Αθήνα] :   |b Επικαιρότητα,   |c [1997].  
300 |a 174 σ. ;   |c 18 εκ. 
490 1 |a (Αρχαία λυρική ποίηση / Επικαιρότητα ;   |v  3) 
500 |a Με: Θέογνης / Θέογνις 
600 0 0 |a Θέογνις,   |d 6ος αι. π.Χ. 
650 0 0 |a Lyric poetry. 
700 1 |a Ρώμας, Χρίστος Γ.  |e aui  |e trl 
700 1 |a Δρακόπουλος, Δημήτρης,  |e edt 
830 0 |a Αρχαία λυρική ποίηση (Επικαιρότητα)  |v  ; 3 
852 |a INST  |b RHODES  |c KRI  |e 20060405  |h  884.01 ΘΕΟ  |p 005400021939  |q 005400021939  |t BK  |y 0 
901 |a BIBL4-2006-1 
909 |a Ρ  |b 122683 
970 |a ΚΟΖΑ  |b ΜΑΡΙΑ  |z 2006/04/05